Normal view
MARC view
- Psychology
Entry Topical Term
001 - CONTROL NUMBER
- control field: 38739
003 - CONTROL NUMBER IDENTIFIER
- control field: OSt
005 - DATE AND TIME OF LATEST TRANSACTION
- control field: 20190509161525.0
008 - FIXED-LENGTH DATA ELEMENTS
- fixed length control field: 190509|| aca||aabn | a|a d
040 ## - CATALOGING SOURCE
- Original cataloging agency: OSt
- Transcribing agency: OSt
150 ## - HEADING--TOPICAL TERM
- Topical term or geographic name entry element: Psychology
- General subdivision: Undergrduate thesis.
670 ## - SOURCE DATA FOUND
- Source citation: Work cat.: (OSt): Gomez, Glazel M. 38738, Perception on romantic relationship by only, middle , youngest and eldest child /, April 2018.
